Olympiasieger im Vielseitigkeitsreiten (Mannschaft) - Statistiken

Allgemein
  • Dieses Quiz wurde 46 mal gespielt
  • Das Durchschnittsergebnis liegt bei 25 aus 26
Antwortstatistiken
Olympische Spiele Goldmedaille % Korrekt
1988 Seoul BRD
100%
1936 Berlin Deutschland
100%
2008 Peking Deutschland
100%
2012 London Deutschland
100%
1932 Los Angeles USA
100%
1948 London USA
100%
1976 Montreal USA
100%
1984 Los Angeles USA
100%
1956 Stockholm* Großbritannien
98%
1968 Mexiko-Stadt Großbritannien
98%
1972 München Großbritannien
98%
2021 Tokio Großbritannien
98%
2024 Paris Großbritannien
98%
2004 Athen Frankreich
95%
2016 Rio de Janeiro Frankreich
95%
1980 Moskau Sowjetunion
95%
1924 Paris Niederlande
93%
1928 Amsterdam Niederlande
93%
1912 Stockholm Schweden
93%
1920 Antwerpen Schweden
93%
1952 Helsinki Schweden
93%
1960 Rom Australien
86%
1992 Barcelona Australien
86%
1996 Atlanta Australien
86%
2000 Sydney Australien
86%
1964 Tokio Italien
86%
Keine übereinstimmenden Quizze gefunden
Verteilung der Resultate
Anzahl Personen mit jedem Resultat
Perzentil nach korrekt beantworteten Fragen
Ihre Resultats-Entwicklung
Sie haben dieses Quiz noch nicht gespielt